banner koha

Crescimento e conteudos de N, P, K e Na em tres cultivares de algodao sob condicoes de estresse salino (Registro n. 127545)

MARC details
000 -LÍDER
campo de controle de tamanho fixo 01036nas a2200313 4500
001 - NÚMERO DE CONTROLE
campo de controle BR9000988
003 - IDENTIFICADOR DO NÚMERO DE CONTROLE
campo de controle BR-BrBNA
005 - DATA E HORÁRIO DA ÚLTIMA TRANSAÇÃO
campo de controle 20231205091821.0
007 - CAMPO FIXO DE DESCRIÇÃO FÍSICA--INFORMAÇÃO GERAL
campo de controle de tamanho fixo ta
008 - CAMPO DE DADOS FIXOS--INFORMAÇÃO GERAL
campo de controle de tamanho fixo 230509b bl.|||p| |||| 00| 00por d
040 ## - FONTE DA CATALOGAÇÃO
Instituição da catalogação original BR-BrBNA
Idioma da catalogação por
Instituição que transcreveu o registro Biblioteca Nacional de Agricultura
041 ## - CÓDIGO DE IDIOMA
Código do idioma do texto/trilha sonora ou título diferente (Pt)
072 ## - CÓDIGO DE CATEGORIA DE ASSUNTO
Código de Categoria de Assunto F30; F62; P35
100 1# - ENTRADA PRINCIPAL--NOME PESSOAL
Nome pessoal Reboucas, M.A.A.
100 1# - ENTRADA PRINCIPAL--NOME PESSOAL
Nome pessoal Facanha, J.G.V.
100 1# - ENTRADA PRINCIPAL--NOME PESSOAL
Nome pessoal Ferreira, L.G.R.
100 1# - ENTRADA PRINCIPAL--NOME PESSOAL
Nome pessoal Prisco, J.T.
245 1# - TÍTULO
Título Crescimento e conteudos de N, P, K e Na em tres cultivares de algodao sob condicoes de estresse salino
246 1# - FORMA VARIANTE DO TÍTULO
Título/título abreviado Growth and N, P, K and Na content of three cotton cultivars under salt stress conditions
650 ## - ASSUNTO--TERMO TÓPICO
Cabeçalho tópico ou nome geográfico ALGODAO
650 ## - ASSUNTO--TERMO TÓPICO
Cabeçalho tópico ou nome geográfico VARIEDADE RESISTENTE
650 ## - ASSUNTO--TERMO TÓPICO
Cabeçalho tópico ou nome geográfico GERMINACAO
650 ## - ASSUNTO--TERMO TÓPICO
Cabeçalho tópico ou nome geográfico SALINIDADE
650 ## - ASSUNTO--TERMO TÓPICO
Cabeçalho tópico ou nome geográfico CRESCIMENTO
650 ## - ASSUNTO--TERMO TÓPICO
Cabeçalho tópico ou nome geográfico METABOLISMO MINERAL
773 0# - ENTRADA ANALÍTICA
Título Revista Brasileira de Fisiologia Vegetal (Brazil)
ISSN - International Standard Serial Number ISSN 0103-3131
Partes relacionadas (1989), v. 1(1) p. 79-85
Número de controle do registro BR9000988
909 ## -
-- 202311
-- Lúcia
-- 55
-- Lúcia Elande
942 ## - ELEMENTOS DE ENTRADA ADICIONADOS (KOHA)
Fonte da classificação ou esquema de arquivamento na estante Classificação AGRIS
Ocultar no OPAC Não
Tipo de material Koha Analítica
Exemplares
Situação do descarte Fonte da classificação ou esquema de arquivamento na estante Situação física Não pode ser emprestado Biblioteca de origem Biblioteca atual Localização na estante Enumeração do periódico / cronologia Total de empréstimos Data de último acesso Número do exemplar Tipo de material Koha Fonte de aquisição
  Classificação AGRIS   Consulta local Biblioteca Nacional de Agricultura - Binagri Biblioteca Nacional de Agricultura - Binagri   (1989), v. 1(1) p. 79-85   29/11/2023 01 Periódicos Portaria Interministerial nº 164/94

BINAGRI

Telefone: (61)3218-2567/2388/3357/2097 - binagri@agro.gov.br

Ministério da Agricultura e Pecuária , Esplanada dos Ministérios, Bloco D, Anexo B, Brasília/DF, CEP: 70.043-900